Sikerülhetett volna, de-

Podrobná bibliografia
Hlavný autor: Csikmák, Mónika (Autor)
Médium: Článok
Jazyk:maďarčina
Fyzický popis:Fotografie
ISSN:1336-3638
Predmet:

MARC

LEADER 00000nab a2200000 4500
001 vtls011984930
003 SK-MaSNL
005 20260318124548.0
008 200803|2020 xo |||| || ||00 0|hun
015 |a SNBRB2020/07 
040 |a DSZK  |b slo  |c DSZK  |e rda 
041 |a hun 
043 |a e-xo--- 
044 |a xo  |c SK 
072 7 |a 796  |x Šport. Hry. Telesné cvičenia  |2 konspekt 
080 |a 796.332  |x (437.612)  |2 2011 
100 1 |a Csikmák, Mónika  |4 aut  |9 994909 
245 1 0 |a Sikerülhetett volna, de-  |c Csikmák Mónika 
300 |b Fotografie 
336 |a text  |b txt  |2 rdacontent 
337 |a bez média  |b n  |2 rdamedia 
338 |a zväzok  |b nc  |2 rdacarrier 
610 2 7 |a OFK Rapid Ohrady  |2 dszk  |9 1088782 
650 0 7 |a futbal  |2 SNKPH  |9 3291 
650 0 7 |a U13  |2 dszk  |9 1249969 
650 0 7 |a žiaci  |2 SNKPH  |9 16621 
651 7 |a Ohrady (Slovensko)  |2 SNKPHgeo  |9 106891 
773 0 |t Csallóköz  |g Évf. 60, sz. 28-29 (2020), o. 43  |x 1336-3638 
852 |a DSZK  |b KIS3GCP 
958 |a SK 
958 |a HU 
958 |a RG 
999 |c 2218333  |d 2220263